Associez la peinture à l'artiste - Clic Quiz - Statistiques

Statistiques générales
  • Ce quiz a été pris 144 759 fois
  • Le résultat moyen est 11 sur 22
Statistiques - réponses
Hint Réponse % Correct
Vincent van Gogh
89%
Pablo Picasso
85%
Frida Kahlo
83%
Banksy
79%
Michel-Ange
77%
Salvador Dalí
76%
Andy Warhol
75%
Claude Monet
72%
Edvard Munch
62%
Sandro Botticelli
56%
Léonard de Vinci
56%
Gustav Klimt
52%
Johannes Vermeer
46%
Henri Matisse
36%
Paul Gauguin
35%
Edward Hopper
35%
Rembrandt
33%
J. M. W. Turner
25%
Mark Rothko
22%
Pierre Paul Rubens
20%
L. S. Lowry
18%
Marcel Duchamp
17%
Aucun quiz correspondant
Distribution des résultats
% des personnes avec chaque résultat
Percentile par nombre de réponses
Votre historique - résultats
Vous n’avez pas pris ce quiz